00346nam a22001097a 4500008004100000082001600041100002700057245009400084260003200178300002000210440000600230230629b xxu||||| |||| 00| 0 eng d a346.06bEAC cEast African Community aEast African CommunitybSeventh Meeting of the Council of MinistercReport of the Council aArusha, TanzaniabEACc2004 avarious panging v2